LIBRARY & INFORMATION CENTRE, KCAET, TAVANUR

ONLINE PUBLIC ACCESS CATALOGUE (OPAC)

Sixteenth International Congress on Irrigation and Drainage : | Volume 1F General Report (Record no. 19416)

MARC details
000 -LEADER
fixed length control field 00376nam a22001337a 4500
003 - CONTROL NUMBER IDENTIFIER
control field OSt
008 - FIXED-LENGTH DATA ELEMENTS--GENERAL INFORMATION
fixed length control field 250220b |||||||| |||| 00| 0 eng d
041 ## - LANGUAGE CODE
Language code of text/sound track or separate title eng
100 ## - MAIN ENTRY--AUTHOR NAME
Personal name ICID
245 ## - TITLE STATEMENT
Title Sixteenth International Congress on Irrigation and Drainage :
Remainder of title Volume 1F General Report
260 ## - PUBLICATION, DISTRIBUTION, ETC. (IMPRINT)
Place of publication Cairo, Egypt:
Name of publisher ICID,
Year of publication 1996.
700 ## - ADDED ENTRY--PERSONAL NAME
Personal name Conley, AH; ed.
942 ## - ADDED ENTRY ELEMENTS (KOHA)
Koha item type Books
Holdings
Withdrawn status Lost status Damaged status Home library Current library Date acquired Source of acquisition Cost, normal purchase price Accession Number Koha item type
      KAUAET KAUAET 20/02/2025 ICID 3600.00 20288 Books
free website counter